Control Systems-1 (Record no. 33139)

000 -LEADER
fixed length control field 00363nam a22001697a 4500
003 - CONTROL NUMBER IDENTIFIER
control field NUST
020 ## - INTERNATIONAL STANDARD BOOK NUMBER
International Standard Book Number 9789350141335
038 ## - RECORD CONTENT LICENSOR
Staff Name khadija
082 ## - DEWEY DECIMAL CLASSIFICATION NUMBER
Classification number 629.83
Author Mark HAS
100 ## - MAIN ENTRY--PERSONAL NAME
Personal name S. Hasan Saeed
9 (RLIN) 84511
245 ## - TITLE STATEMENT
Title Control Systems-1
260 ## - PUBLICATION, DISTRIBUTION, ETC.
Place of publication, distribution, etc. New Delhi
Name of publisher, distributor, etc. S.K.K
Date of publication, distribution, etc. 2012.
300 ## - PHYSICAL DESCRIPTION
Extent 434 p. ;
500 ## - GENERAL NOTE
General note Paperback.
563 ## - BINDING INFORMATION
Binding note PB
942 ## - ADDED ENTRY ELEMENTS (KOHA)
Koha item type Book
Source of classification or shelving scheme
Holdings
Withdrawn status Lost status Source of classification or shelving scheme Damaged status Not for loan Permanent Location Current Location Shelving location Date acquired Full call number Barcode Date last seen Price effective from Koha item type
          School of Mechanical & Manufacturing Engineering (SMME) School of Mechanical & Manufacturing Engineering (SMME) General Stacks 12/30/2015 629.83 HAS SMME-2315 04/03/2018 12/30/2015 Book
© 2023 Central Library, National University of Sciences and Technology. All Rights Reserved.